000 00720nam a2200217 i 4500
001 100968
003 ES-MaACL
005 20250828063248.0
007 t|
008 051010s1919 fr ||||1| fre d
100 1 _aMauclair, Camille,
_d1872-1945
_979178
245 1 0 _aEssais sur l'émotion musicale /
_cCamille Mauclair.
260 _aParis :
_b[s.n.],
_c1919 (
_fImp. Centrale de l'ouert)
300 _a2 v. ;
_c19 cm.
505 8 _aContiene: I.-- La religion de la musique.- (9ª ed.). II.-- Les héros de l'orchestre
650 7 _aMúsica
_2embne
_915376
740 3 _aLa religion de la musique.
740 4 _aLes héros de l'orchestre.
852 _aES-MaACL
_jF-10357-8
999 _c100968
_d100968